COLOSSAL COURSE! / (Record no. 176239)

MARC details
000 -LEADER
fixed length control field 01287nam a22003497i 4500
003 - CONTROL NUMBER IDENTIFIER
control field OSt
005 - DATE AND TIME OF LATEST TRANSACTION
control field 20200129152451.0
008 - FIXED-LENGTH DATA ELEMENTS--GENERAL INFORMATION
fixed length control field 200129t20182018mnua b 000 1ceng d
020 ## - INTERNATIONAL STANDARD BOOK NUMBER
International Standard Book Number 9781496557353
Terms of availability RM99.00
Qualifying information hardback
040 ## - CATALOGING SOURCE
Original cataloging agency PPAK
Language of cataloging eng
Transcribing agency PPAK
Description conventions rda
082 04 - DEWEY DECIMAL CLASSIFICATION NUMBER
Edition number 23
Classification number 813.6
090 00 - LOCALLY ASSIGNED LC-TYPE CALL NUMBER (OCLC); LOCAL CALL NUMBER (RLIN)
Classification number (OCLC) (R) ; Classification number, CALL (RLIN) (NR) 813.6
Feature heading HOE
Feature heading K
100 1# - MAIN ENTRY--PERSONAL NAME
Personal name Hoena, Blake,
Relator term author.
245 10 - TITLE STATEMENT
Title COLOSSAL COURSE! /
Statement of responsibility, etc. BY BLAKE ; ILLUSTATEDBB BY FERN CANO
246 3# - VARYING FORM OF TITLE
Title proper/short title Thunder trucks! :
Remainder of title colossal course!
264 #1 - PRODUCTION, PUBLICATION, DISTRIBUTION, MANUFACTURE, AND COPYRIGHT NOTICE
Place of production, publication, distribution, manufacture North Mankato, Minnesota :
Name of producer, publisher, distributor, manufacturer Stone Arch Books,
Date of production, publication, distribution, manufacture, or copyright notice 2018
Date of production, publication, distribution, manufacture, or copyright notice ©2018
300 ## - PHYSICAL DESCRIPTION
Extent 53 pages :
Other physical details colour illustrations ;
Dimensions 20 cm
336 ## - CONTENT TYPE
Source rdacontent
Content type term text
337 ## - MEDIA TYPE
Source rdamedia
Media type term unmediated
338 ## - CARRIER TYPE
Source rdacarrier
Carrier type term volume
490 1# - SERIES STATEMENT
Series statement THUNDERTRUCK!
505 ## - FORMATTED CONTENTS NOTE
Title Hero wanted --<br/>
-- Perseus gets pummeled --<br/>
-- Theseus gets thumped --<br/>
-- Three on one --<br/>
-- Flying high --<br/>
-- Bellerophon and the chimera.
520 ## - SUMMARY, ETC.
Summary, etc. The B-PHON monster truck takes on his toughest competition - himself! -- provided by publisher.
521 2# - TARGET AUDIENCE NOTE
Target audience note For primary school age
650 10 - SUBJECT ADDED ENTRY--TOPICAL TERM
Topical term or geographic name entry element Monster trucks
Form subdivision Juvenile fiction
Topical term or geographic name entry element Trucks
Form subdivision Juvenile fiction
Topical term or geographic name entry element Mythology, Greek
Form subdivision Fiction
700 1# - ADDED ENTRY--PERSONAL NAME
Personal name Cano, Fern,
Relator term illustrator.
830 #0 - SERIES ADDED ENTRY--UNIFORM TITLE
Uniform title ThunderTrucks!
942 ## - ADDED ENTRY ELEMENTS (KOHA)
Source of classification or shelving scheme Dewey Decimal Classification
Koha item type Book
Holdings
Withdrawn Not for loan Current library Shelving location Date acquired Total Checkouts Total Renewals Full call number Barcode Date last seen Date last checked out Koha item type
    Perpustakaan Alor Setar Pinjaman Kanak-kanak 12/03/2020 3 3 K 813.6 HOE A01635039 08/06/2023 18/05/2023 Book